|
|
|
|
| LEADER |
00931nam a2200229 a 4500 |
| 001 |
012671352 |
| 008 |
060909s1988 enkac 001 0 eng d |
| 020 |
|
|
|a 0902406493 (pbk)
|
| 040 |
|
|
|a Uk
|c Uk
|
| 082 |
0 |
4 |
|a 362.10941
|2 20
|
| 245 |
0 |
0 |
|a Action for health :
|b initiatives in local communities/
|c edited by Lesley Saunders
|
| 260 |
|
|
|a London :
|b Community Projects Foundation,
|c 1988.
|
| 300 |
|
|
|a 209p. :
|b ill., ports. ;
|c 21cm.
|
| 500 |
|
|
|a Bibliography p189-203.Includes index.
|
| 541 |
1 |
|
|e 00004193
|
| 650 |
|
0 |
|a Medical care
|z Great Britain.
|
| 653 |
|
|
|a Great Britain
|a Health services
|
| 700 |
1 |
|
|a Saunders, Lesley,
|d 1946-
|
| 710 |
2 |
|
|a Community Projects Foundation.
|
| 852 |
4 |
|
|a Ayesha Abed Library
|j General Shelf.
|
| 999 |
|
|
|c 8335
|d 8335
|
| 952 |
|
|
|0 0
|1 0
|2 ddc
|4 0
|6 362_109410000000000_ACT_1988
|7 0
|9 9611
|a BRACUL
|b BRACUL
|c GEN
|d 2010-05-02
|g 0.00
|l 0
|o 362.10941 ACT
|p 3010004193
|r 2010-05-02
|t 1
|w 2010-05-02
|y BK
|z Not price in Register
|